01743nam a2200469 i 450000100060000000300080000600500170001400600190003100700150005000800410006502000180010603500230012403500240014703500250017103500210019604000310021705000220024808000120027008000120028208200170029410000230031124501180033426400380045230000410049033600310053133700330056233800430059549000360063850000230067450400290069758801240072659001590085065000220100965000250103165000250105665000300108165500270111179700190113883000370115785600620119499900170125656683FlNmELB20241216232849.0m o d | cr cnu||||||||160717s2015 sp ob 001 0 spa d z9788429018769 a(MiAaPQ)EBC4536155 a(Au-PeEL)EBL4536155 a(CaPaEBR)ebr11216861 a(OCoLC)984804276 aFINmELBbspaerdacFINmELB 4aKKT858bS447 2015 a347.235 a347.4520 a346.46022231 aSeda Mora, Manuel.13aEl contrato de cesión de solar por edificación futura :buna configuración alternativa /cManuel Seda Mora. 1aMadrid :bEditorial Reus,c[2015] a1 recurso en línea (199 páginas) atextobtxt2rdacontent/spa acomputadorabc2rdamedia/spa arecurso en líneabcr2rdacarrier/spa1 aColección urbanismo y derecho aContiene índice. aContiene bibliografía. aDescripción basada en recurso en línea; Título de la página del título en PDF (e-libro, visto July 17, 2016). aRecurso electronico. Santa Fe, Arg. : e-libro, 2016. Disponible via World Wide Web. El acceso puede ser limitado para las bibliotecas afiliadas a e-libro. 0aContractszSpain. 4aContratoszEspaña. 0aUrbanizationzSpain. 4aUrbanizaciónzEspaña. 4aLibros electrónicos.2 ae-libro, Corp. 0aColección urbanismo y derecho.40uhttps://elibro.net/ereader/politecnicointernacional/46628 c56683d56683